01381 a2200229 45000010006000000050017000060080041000230030015000640400040000790800159001192450076002780200022003542640032003763000019004085050507004270410008009349420007009425900036009491000018009859990015010039520133010186040420260407155855.0260407a1999 arg spa dAR-UNSa-BCEJYS aAR-UNSa-BCEJYSbspacAR-UNSa-BCEJYS a321.01xTeoría general del Estado. Teoría y filosofía del poder. Estado y territorio. Autoridad y oposición. Usurpación (Filosofía política)10aIntroducción a la filosofía políticapDemocracia y revolucíón a978-84-493-0679-2 1aBarcelona :bPaidósc1999 a286 p.c20 cm. a1. Tentativa de definición de la democracia - 2. Ideas y realidades democráticas – 3. La inestabilidad de las democracias. Sus causas – 4. Corrupción de las democracias – 5. La acción propia del sistema de competición – 6. Los méritos y los inconvenientes del sistema democrático – 7. Las ideas fundamentales de la doctrina marxista – 8. La transformación del marxismo en milenarismo – 9. Las instituciones de las democracias populares – 10. Democracia y revolución -  aspa cBK aniveau_biblio:m niveau_hierar:01 aAron, Raymond c6972d6972 00104070aBCEJYSbBCEJYSc16d2026-04-07l0o321.01 A769pL129159r2026-04-07 15:58:55w2026-04-07yLzRESALTADOR - LÁPIZ -